| 000 | 00630nam a2200217Ia 4500 | ||
|---|---|---|---|
| 003 | GCL | ||
| 008 | 140319s9999 xx 000 0 ara d | ||
| 040 |
_aGCL / _cGCL |
||
| 082 | 0 | 4 |
_aط _b398.23 _bت ا |
| 100 | 1 | _aتاكاش شيموكا | |
| 245 | 1 | 0 |
_aاميرة ضوء القمر / _cتاكاش شيموكا |
| 700 | 1 | _aعبدالمقصود محمد | |
| 300 | _a109 ص | ||
| 490 |
_aنصوص عالمية _v0 |
||
| 650 | 0 | 4 | _aالاطفال |
| 650 | 0 | 4 | _aقصص الاطفال |
| 650 | 0 | 4 | _aادب الاطفال |
| 650 | 0 | 4 | _aالقصص الشعبية |
| 650 | 0 | 4 | _aالحكايات الشعبية |
| 942 |
_2ddc _cBK |
||
| 999 |
_c51236 _d51236 |
||